<?xml version="1.0" encoding="UTF-8"?>
<collection xmlns="http://www.loc.gov/MARC21/slim">
<record>
  <controlfield tag="001">1908</controlfield>
  <controlfield tag="005">20160701171655.0</controlfield>
  <datafield tag="037" ind1=" " ind2=" ">
    <subfield code="a">ASTROimport-65</subfield>
  </datafield>
  <datafield tag="100" ind1=" " ind2=" ">
    <subfield code="a">Blomme, R.</subfield>
  </datafield>
  <datafield tag="260" ind1=" " ind2=" ">
    <subfield code="c">1991</subfield>
  </datafield>
  <datafield tag="245" ind1=" " ind2=" ">
    <subfield code="a">Stellar winds of massive stars driven by radiation pressure and turbulence</subfield>
  </datafield>
  <datafield tag="520" ind1=" " ind2=" ">
    <subfield code="a">In a radiatively driven wind model, the dynamical effect of turbulence is included. Models are calculated for core hydrogen burning stars, luminous blue variables and a Wolf-Rayet star. For all these models the addition of turbulence either has little effect or else leads to a large temperature increase which is contrary to observational evidence. Turbulence therefore cannot explain the discrepancies between the observed and theoretical terminal velocities for O-type stars. Neither can it explain the large mass loss rates observed in luminous blue variables (during their eruptive phase) or Wolf-Rayet stars. </subfield>
  </datafield>
  <datafield tag="700" ind1=" " ind2=" ">
    <subfield code="a"> Vanbeveren, D.</subfield>
  </datafield>
  <datafield tag="700" ind1=" " ind2=" ">
    <subfield code="a"> van Rensbergen, W.</subfield>
  </datafield>
  <datafield tag="773" ind1=" " ind2=" ">
    <subfield code="p">Astronomy and Astrophysics</subfield>
    <subfield code="v">241</subfield>
    <subfield code="y">1991</subfield>
    <subfield code="c">479-487</subfield>
  </datafield>
  <datafield tag="856" ind1="4" ind2="2">
    <subfield code="a">http://esoads.eso.org/abs/1991A%26A...241..479B</subfield>
  </datafield>
  <datafield tag="905" ind1=" " ind2=" ">
    <subfield code="a">published in</subfield>
  </datafield>
  <datafield tag="980" ind1=" " ind2=" ">
    <subfield code="a">REFERD</subfield>
  </datafield>
</record>
</collection>